| 000 | 00768 a2200193 4500 | ||
|---|---|---|---|
| 999 |
_c10129 _d10129 |
||
| 020 | _a9780495604853 (pbk.) | ||
| 020 | _a0495604852 (pbk.) | ||
| 050 | 0 | 0 | _aHM586. FER 2011 |
| 100 | 1 |
_aFerrante-Wallace, Joan, _d1955- _eauthor |
|
| 245 | 1 | 0 |
_aSeeing sociology : _ban introduction / _cJoan Ferrante ; with contributions from Chris Caldeira, |
| 264 |
_aBelmont: _bWadsworth., _c2011 |
||
| 300 |
_axxvi, 578 p. : _bill. ; |
||
| 500 | _aIncludes bibliographical references (p. 548-565) and index. | ||
| 504 | _aIncludes bibliographical references (p. 548-565) and index. | ||
| 650 | 0 | _aSociology | |
| 700 | 1 |
_aCaldeira, Chris. _eauthor |
|
| 942 |
_2lcc _cBK _h586 _iFER _kHM |
||